LEADER 01011nam a2200301 i 4500 001 991001130019707536 005 20020507111659.0 008 970308s1983 us ||| | eng 035 $ab10177851-39ule_inst 035 $aLE00642643$9ExL 040 $aDip.to Fisica$bita 084 $a53.2.68 084 $a621.3.3 084 $a621.36 084 $aQC673 100 1 $aWilson, J.A.$0463152 245 10$aOptoelectronics :$ban introduction /$cJ. Wilson and J.F.B. Hawkes 260 $aEnlewood Cliffs, NJ :$bPrentice-Hall,$c1983 300 $axv, 445 p. :$bill. ;$c24 cm. 500 $aIncludes bibliographical references and index. 650 4$aOptoelectronics 700 1 $aHawkes, J.F.B. 907 $a.b10177851$b21-09-06$c27-06-02 912 $a991001130019707536 945 $aLE006 53.2.63 WIL$g1$i2006000011495$lle006$o-$pE0.00$q-$rl$s- $t0$u4$v0$w4$x0$y.i10218129$z27-06-02 996 $aOptoelectronics$9189226 997 $aUNISALENTO 998 $ale006$b01-01-97$cm$da $e-$feng$gus $h0$i1 LEADER 02238oas 2200673 a 450 001 9910689595103321 005 20250610213023.0 011 $a2373-8294 035 $a(OCoLC)49778772 035 $a(CONSER) 2004230468 035 $a(CKB)2550000001347986 035 $a(EXLCZ)992550000001347986 100 $a20020513a19979999 ua a 101 0 $aeng 135 $aurcn||||||||| 181 $ctxt$2rdacontent 182 $cc$2rdamedia 183 $acr$2rdacarrier 200 10$aBiennial survey of depository libraries $eresults 210 $aWashington, DC $cSupt. of Docs., Library Programs Service, U.S. G.P.O 215 $avolumes $cdigital, PDF files 311 08$a2373-8286 330 $aA brief biennial survey of all libraries participating in the Federal Depository Library Program (FDLP), supplementing less frequent in-depth inspections. Raw data and compiled reports are displayed. 517 1 $aDepository libraries biennial survey 606 $aDepository libraries$zUnited States$vPeriodicals 606 $aLibrary surveys$zUnited States 606 $aDepository libraries$2fast$3(OCoLC)fst00890870 606 $aLibrary surveys$2fast$3(OCoLC)fst00998007 607 $aUnited States$2fast$1https://id.oclc.org/worldcat/entity/E39PBJtxgQXMWqmjMjjwXRHgrq 608 $aPeriodicals.$2fast 608 $aPeriodicals.$2lcgft 615 0$aDepository libraries 615 0$aLibrary surveys 615 7$aDepository libraries. 615 7$aLibrary surveys. 676 $a025.1734 712 02$aUnited States.$bSuperintendent of Documents.$bLibrary Programs Service. 712 02$aFederal Depository Library Program. 712 02$aUnited States.$bGovernment Printing Office.$bLibrary Services and Content Management. 801 0$bBKL 801 1$bBKL 801 2$bOCLCQ 801 2$bGPO 801 2$bOCLCQ 801 2$bOCLCF 801 2$bDLC 801 2$bINR 801 2$bOCLCO 801 2$bOCLCQ 801 2$bOCLCA 801 2$bGILDS 801 2$bOCLCO 801 2$bOCLCA 801 2$bOCLCQ 801 2$bOCLCL 906 $aJOURNAL 912 $a9910689595103321 996 $aBiennial survey of depository libraries$93142577 997 $aUNINA